LEADER 01216nam a2200265 i 4500 001 000000257604 003 CaOOAMICUS 005 20180312000000.0 008 180312s2016 it u000 u ita u 013 $a236512 020 $a978-88-307-2330-6 040 $aSeMil$bita 100 1 $aPotente, Antonietta <1959- >.$0(OLS)http://semarc/name/94811 245 10$aVestire gli ignudi :$bdare dignitą ci fa uscire da noi stessi /$cAntonietta Potente. 260 $aBologna :$bEMI,$c2016. 300 $a57 p. ;$c19 cm. 490 0 $aFare misericordia : le opere di misericordia per un cristianesimo semplice 650 4$aOpere di misericordia.$0(OLS)http://semarc/subject/16174 830 0$aFare misericordia : le opere di misericordia per un cristianesimo semplice.$0(OLS)http://semarc/title/407798 850 $aSeMil 852 $aSeMil$W1$xVenegono$y1$m3F II 907$j207950$B207950$CSeMilBibl$Z2$F222639 $81 961 $aAcquisto: LdS 996 $6020$a978-88-307-2330-6$9(OLS)http://semarc/number/282452 996 $6245$aVestire gli ignudi :$bdare dignitą ci fa uscire da noi stessi$9(OLS)http://semarc/title/412957 996 $6260$aBologna :$bEMI$9(OLS)http://semarc/publisher/29618 LEADER 01198nam a2200229 i 4500 001 000000201935 003 CaOOAMICUS 005 20160518000000.0 008 160518s1990 it u000 u ita u 013 $a180641 040 $aSeMil$bita 245 10$aRubens :$bPietro Paolo Rubens (1577-1640) /$ccatalogo a cura di Didier Bodart ; testi di Didier Bodart ... [et al.]. 260 $aRoma :$bDe Luca Edizioni d' Arte,$c1990. 300 $a319 p. :$bill. ;$c30 cm. 500 $aMostra tenuta a Padova, Roma e Milano nel 1990. - In testa al front.: Comune di Padova, Assessorato alla cultura e beni culturali; Americanino jeans; Gruppo Fininvest; con la collaborazione del Ministero per i beni culturali e ambientali. 600 14$aRubens, Pieter Paul <1577-1640>.$0(OLS)http://semarc/subject/16863 700 1 $aBodart, Didier.$0(OLS)http://semarc/name/57189 850 $aSeMil 852 $aSeMil$W1$xVenegono$y1$m5F X 37$j152461$B152461$CSeMilBibl$Z2$F211830 $81 961 $aOmaggio: Istituto San Vincenzo 996 $6245$aRubens :$bPietro Paolo Rubens (1577-1640)$9(OLS)http://semarc/title/292305 996 $6260$aRoma :$bDe Luca Edizioni d' Arte$9(OLS)http://semarc/publisher/33189